000 01509cam a2200313 i 4500
003 SA-RiAUC
005 20250924045227.0
008 250922s2012 su g b 000r0bara c
020 _a9789960617657
020 _a9789960617657
040 _aKW-KcNLK
_bara
_cSA-RiAUC
_dSA-RiKAPL
_erda
082 0 4 _a928.1
_qSA-RiAUC
090 _a928.1
_bم ا ل
100 1 _aالمالكي، سعيد بن مسفر
_eمؤلف.
245 1 0 _aأديب مكة :
_bجعفر لبني : دراسة لحياته ومخطوطته "الحديث شجون" /
_cسعيد بن مسفر المالكي.
250 _aالطبعة الأولى.
264 1 _a[مكة المكرمة] :
_aبيروت :
_bنادي مكة الثقافة الأدبي ؛
_bمؤسسة الانتشار العربي،
_c[2012]
300 _a99 صفحة ؛
_c24 سم
336 _aنص
_btxt
_2rdacontent
_3كتاب
337 _aبدون وسيط
_bn
_2rdamedia
338 _aمجلد
_bnc
_2rdacarrier
504 _aيشتمل على إرجاعات ببليوجرافية.
600 1 4 _aجعفر لبني، جعفر بن أبي بكر بن جعفر،
_d1282-1342 هجري
_2aucnm
650 7 _aالأدباء السعوديون
_vتراجم
_2aucsh
650 7 _aالأدب العربي
_zالسعودية
_xتاريخ ونقد
_2aucsh
700 1 2 _iشرح لـ (عمل) :
_aجعفر لبني، جعفر بن أبي بكر بن جعفر،
_d1282-1342 هجري.
_tالحديث شجون.
942 _2ddc
_cBOOK
_n0
949 _aSA-JeALM
_d250922
_umohamedma123
_n1
999 _c12063
_d12063